| 000 | 00433nam a2200157Ia 4500 | ||
|---|---|---|---|
| 003 | GCL | ||
| 008 | 140319s9999 xx 000 0 eng d | ||
| 040 |
_aGCL / _cGCL |
||
| 082 | 0 | 4 |
_a 443 _bD D |
| 245 | 1 | 0 | _aDictionnaire desmots croises: Classement Dinect,2- Classement Inverse |
| 260 |
_a[S.N] : _bREFERENCES LARUSSE ، _c1990 |
||
| 650 | 0 | 4 | _aDICTIONARIES |
| 650 | 0 | 4 | _aFRENCH |
| 650 | 0 | 4 | _aREFERENCE PUBLICATION |
| 942 |
_2ddc _cBK |
||
| 999 |
_c16973 _d16973 |
||